000 00991nam a2200265Ia 4500
003 OSt
005 20220923211524.0
006 a|||||r|||| 00| 0
007 ta
008 220922b |||||||| |||| 00| 0 hin d
020 _a9789381090220 (hbk)
_c500
024 _a324,327
037 _b1292, 13/03/2018, Akshar Publishers & Distributors
_cTextual
040 _aARTS
_cARTS
_bhin
041 _2hin
_ahin
082 _aP, 152Q1
100 _aराम गोपाल सिंह, ले.
_9159425
245 0 _aभाषिक स्वरूप संरचना और कार्य
246 _aBhāṣhik svarūp sanrachanā aur kārya
260 _aरोहतक
_b शान्ति प्रकाशन
_c2011
300 _a215पृ.
_ccm.
650 _aभाषाशास्त्र
942 _hP, 152Q1
_cTEXL
_2CC
999 _c300388
_d300388